00403nam a22001217a 4500020001600000082001000016100002000026245011200046260003700158300003100195650003700226700001800263 qHard Cover. a621.3 aHaider, Hassaan aRecovery of Compressively Sampled Biomedical Images using Iterative Thresholding AlgorithmscHassaan Haider aIslamabad :bCEME - NUST,c2014. axiv, 76 p. : ill. ;c30cm. aElectrical Engineering-MS-Thesis aDr. Usman Ali